000 00661nam a22002177a 4500
005 20170124110242.0
010 _aB-129121
020 _c195.00
_a8178241420
035 _aB-129121
037 _bCen Lib/Ret
040 _aDPL
_bEN
082 _aS
_bJOH
100 _aJohnsingh, A.J.T.
_995261
245 _aOn Jim Corbett's trail and other tales from tree-tops /
_cby A.J.T.Johnsingh
260 _aDelhi
_bPermanent Black
_c2007
270 _aD-28 Oxford Apartments, 11 I.p.Extension
_bDelhi
_e110092
300 _axv,139p. :
_b20cm(pbk)
_cill.
650 _aLiterature -- fiction
_9113867
650 _aEnglish stories
_926733
942 _2ddc
_cEN
_hS
_mJOH
999 _c135225
_d135225